Reprezentacje na Mistrzostwach Świata 2026 - Statystyki

Ogólne statystyki
  • Ten quiz został rozwiązany 188 razy
  • Średni wynik to 38 z 48
Statystyki odpowiedzi
Grupa Kraj % Poprawnych
Grupa F Japonia
95%
Grupa B Kanada
95%
Grupa A Meksyk
95%
Grupa D Stany Zjednoczone
95%
Grupa F Szwecja
95%
Grupa J Argentyna
94%
Grupa H Hiszpania
94%
Grupa C Brazylia
93%
Grupa I Francja
93%
Grupa F Holandia
93%
Grupa K Portugalia
93%
Grupa A Czechy
90%
Grupa L Anglia
88%
Grupa G Iran
88%
Grupa E Niemcy
88%
Grupa A Korea Południowa
86%
Grupa C Maroko
84%
Grupa B Bośnia i Hercegowina
83%
Grupa I Norwegia
83%
Grupa A Republika Południowej Afryki
83%
Grupa G Egipt
82%
Grupa B Szwajcaria
81%
Grupa F Tunezja
81%
Grupa G Belgia
80%
Grupa L Chorwacja
80%
Grupa K Kolumbia
80%
Grupa H Urugwaj
80%
Grupa I Senegal
79%
Grupa D Turcja
79%
Grupa D Australia
78%
Grupa E Curaçao
78%
Grupa I Irak
75%
Grupa E Ekwador
74%
Grupa C Szkocja
74%
Grupa H Arabia Saudyjska
73%
Grupa J Austria
73%
Grupa G Nowa Zelandia
72%
Grupa K Demokratyczna Republika Konga
70%
Grupa B Katar
68%
Grupa K Uzbekistan
68%
Grupa J Algieria
67%
Grupa L Panama
64%
Grupa L Ghana
63%
Grupa D Paragwaj
63%
Grupa C Haiti
61%
Grupa H Republika Zielonego Przylądka
58%
Grupa E Wybrzeże Kości Słoniowej
56%
Grupa J Jordania
53%
Nie znaleziono quizów pasujących do podanych kryteriów
Rozkład punktacji
Procent ludzi z każdym wynikiem
Percentyl według liczby udzielonych odpowiedzi
Twoja historia wyników
Nie rozwiązałeś tego quizu